00472nam a2200181Ia 4500003000400000005001700004008004100021020002200062040000700084041000800091082001600099100002600115245007000141250000600211260003900217300001700256365001700273OSt20230531105743.0210423s2014 xx 000 0 und d a978-1-4522-5950-5 cAL aeng a300.72 EVAU aGEVANS (Annabel Ness) aUsing basic statistics in the behavioral and social sciences Ed 5 a5 aNew DelhibSage Publicationsc2014 axvi,605pbHB b3560.62cINR